000 00388nam a2200133Ia 4500
008 231129s1974||||xx |||||||||||||| ||spa||
020 _a84-375-0028-1
082 _aHAJ- 0322
100 _aNadel S. F.
245 0 _aFundamentos de antropologí­a social
260 _c1974
264 _aMéxico: Fondo de Cultura Económica 1974
942 _2ddc
_cBKS
999 _c14245
_d14245